LIBRARY ONLINE CATALOGUE

That good physician. (Record no. 12598)

MARC details
000 -LEADER
fixed length control field 00542cam a22001932 4500
001 - CONTROL NUMBER
control field 0000001550
005 - DATE AND TIME OF LATEST TRANSACTION
control field 20151217155811.0
008 - FIXED-LENGTH DATA ELEMENTS--GENERAL INFORMATION
fixed length control field 070315s xx 000 0 eng d
040 ## - CATALOGING SOURCE
Original cataloging agency KABU
Transcribing agency KABU
050 #0 - LIBRARY OF CONGRESS CALL NUMBER
Classification number BJ1249
Item number .O27
100 1# - MAIN ENTRY--PERSONAL NAME
Personal name O'Brien, Brian.
-- 0000051670
245 10 - TITLE STATEMENT
Title That good physician.
260 ## - PUBLICATION, DISTRIBUTION, ETC. (IMPRINT)
Place of publication, distribution, etc. London :
Name of publisher, distributor, etc. Hodder & Stoughton,
Date of publication, distribution, etc. 1962.
300 ## - PHYSICAL DESCRIPTION
Extent 264 p.
650 #0 - SUBJECT ADDED ENTRY--TOPICAL TERM
Topical term or geographic name as entry element Christian ethics
General subdivision study and teaching.
-- 0000150385
908 ## - PUT COMMAND PARAMETER (RLIN)
Put command parameter 070315
950 ## - LOCAL HOLDINGS (RLIN)
-- 1
Holdings
Withdrawn status Lost status Source of classification or shelving scheme Not for loan Home library Current library Date acquired Total Checkouts Full call number Barcode Date last seen Price effective from Koha item type
    Library of Congress Classification   Kabarak, Main Campus Kabarak, Main Campus 17/12/2015   BJ1249 .O27 006347 17/12/2015 17/12/2015 Africana Collection